Canadian Geography by Letter - U & V - Statistics

General Stats
  • This quiz has been taken 13 times
  • The average score is 7 of 16
Answer Stats
Hint Answer % Correct
Island and largest city in British Columbia Vancouver
92%
Capital of BC and second largest island in Canada Victoria
92%
Heavily populated areas where the majority of the Canadian population lives {Urban} area
85%
Saskatchewan is home to the world's largest high-grade deposit of this mineral Uranium
77%
Town in central Alberta, named in honour of its Scandinavian settlers Viking
62%
City in the Okanagan region of BC and home to the largest summer craft show in Western Canada Vernon
46%
Volcano in southwestern BC named for the digit of a Roman god {Vulcan}'s Thumb
46%
Historic name for parts of Ontario before it became a province Upper Canada
38%
Fifth-largest city in the Greater Toronto Area and home to Canada's largest theme park Vaughan
38%
Alternate name for Highway 102 in Nova Scotia {Veterans} Memorial Highway
38%
Ridge in France home to Canada's largest overseas war memorial {Vimy} Ridge
38%
Provincial park and lake in Alberta with a brilliantly red name {Vermilion} Provincial Park
31%
Bay which separates northern Quebec from Baffin Island {Ungava} Bay
23%
Town on the west coast of Vancouver Island, lying southeast of Long Beach Ucluelet
15%
Canada has 143 of these very tall mountains Ultra-prominent Summit
8%
Sixth-largest national park in Canada, located in Nunavut. Means "where there is material for the stone pot" {Ukkusiksalik} National Park
0%
No matching quizzes found
Score Distribution
Percent of People with Each Score
Percentile by Number Answered
Your Score History
You have not taken this quiz